5 Países menos Densamente Poblados por Continente - Estadísticas

Estadísticas generales
  • Esta prueba ha sido intentada 203 veces
  • La puntuación promedio es 21 de 30
Estadísticas de respuestas
Continente Ratio País % Correcto
América del Norte 3.88 Canadá
92%
Oceanía 3.44 Australia
90%
Asia 2.53 Rusia (Parte Asiática)
90%
Europa 28.0 Rusia (Parte Europea)
90%
Oceanía 19.4 Nueva Zelanda
87%
América del Sur 16.5 Argentina
85%
América del Sur 3.79 Guyana
85%
Asia 2.20 Mongolia
85%
Europa 23.6 Suecia
85%
América del Sur 3.80 Surinam
85%
América del Norte 36.1 Estados Unidos
84%
Europa 16.4 Finlandia
84%
Europa 16.9 Noruega
84%
América del Sur 11.3 Bolivia
82%
América del Sur 16.9 Paraguay
79%
Asia 7.20 Kazajistán
77%
Oceanía 22.3 Papúa Nueva Guinea
72%
África 3.91 Libia
70%
Europa 3.64 Islandia
65%
África 4.72 Mauritania
61%
Oceanía 25.6 Islas Salomón
60%
África 3.15 Namibia
59%
Oceanía 27.5 Vanuatu
56%
Asia 13.4 Turkmenistán
54%
América del Norte 54.0 Nicaragua
52%
África 4.60 Botsuana
48%
América del Norte 29.6 Bahamas
47%
América del Norte 17.9 Belice
47%
Asia 15.0 Omán
28%
África 9.11 Gabón
16%
No se encontraron pruebas coincidentes
Distribución de puntuación
Porcentaje de gente con cada puntuación
Porcentaje por número respondido
Historial de tus puntuaciones
No has intentado esta prueba.